1561 1490 1697 1799 1313 1213 1649 1049 1013 1802 1469 1019 1216 1950 1305 1189 1478 1651 1551 1021 1950 1070 1117 1972 1487 1032 1781 1334 1266 1423 1233 1438 1291 1886 1538 1705 1141 1085 1896 1391 1830 1339 1476 1606 1957 1314 1641 1902 1840 1775 1695 1866 1255 1095 1007 1533 1910 1447 1545 1127 1081 1692 1192 1656 1380 1411 1910 1911 1227 1317 1492 1071 1722 1787 1571 1769 1355 1375 1053 1581 1461 1508 1268 1537 1425 1731 1704 1318 1321 1693 1020 1545 1923 1924 1951 1410 1497 1783 1337 BCNSPRNW ULIB Ver.6.0+V

เปลี่ยนเป็นภาษาไทย

Change to English
 แสดงรายละเอียดบรรณานุกรม
  กลับหน้าหลัก

Brief Record : Get Marc (ISO 2709) : E-mail record : QR code < ปิดหน้าต่าง
LEADER : 00000nam 2200000uu 4500
001    13399113553
003     ULIB
008    111125s2546||||th 000 0 tha d
020    ^a9749162676
050  4 ^aPN^bส827ช 2546
100 0  ^aสุพร เกิดสว่าง
245 10 ^aชายรักชาย /^cสุพร เกิดสว่าง
250    ^aพิมพ์ครั้งที่ 1
260    ^aกรุงเทพฯ :^bสมาคมอนามัยการเจริญพันธุ์เพื่อพัฒนาคุณภาพชีวิตแห่งประเทศไทย,^c2546
300    ^a180 หน้า ;^c21 ซม.
504    ^aบรรณานุกรม
650  4 ^aกะเทย
650  4 ^aความผิดปกติทางเพศ
650  4 ^aพฤติกรรมทางเพศ
650  4 ^aรักร่วมเพศ
650  4 ^aรักร่วมเพศชาย
710 2  ^aสมาคมอนามัยการเจริญพันธุ์เพื่อพัฒนาคุณภาพชีวิตแห่งประเทศไทย
945    ^p0^l0^i12644
945    ^p0^l0^i12645
995    ^aกัณชพร
999    ^aใช้งานได้ทุกระบบ
รายการนี้ยังไม่มีแท็ก
คุณยังไม่ได้ล็อกอิน คุณสามารถมีกิจกรรมร่วมกับเว็บไซต์ได้ แต่ต้องล็อกอินก่อน ::
  ล็อกอิน

รายการสื่อสารสนเทศ

ลำดับที่ ประเภท เลขเรียก/บาร์โค้ด สถานที่ สถานะ
1. วิทยาศาสตร์การแพทย์ และสุขภาพ
วิทยาศาสตร์การแพทย์ และสุขภาพ
PN ส827ช 2546 ฉ.2 
  Barcode: 12645
ห้องสมุดวิทยาเขตสวรรค์ประชารักษ์
►หนังสือทั่วไป
บนชั้น

รายการใกล้เคียง
    ผู้แต่ง [สุพร เกิดสว่าง]

    หัวเรื่อง [กะเทย]
    หัวเรื่อง [ความผิดปกติทางเพศ]
    หัวเรื่อง [พฤติกรรมทางเพศ]
    หัวเรื่อง [รักร่วมเพศ]
    หัวเรื่อง [รักร่วมเพศชาย]

BibComment


ยังไม่เคยถูกคอมเมนท์

คอมเมนท์ทรัพยากรรายการนี้
  คอมเมนท์: ชายรักชาย สุพร ..


 Copyright 2026. Bcnsprnw @Library